Normal view
MARC view
- Panjabi literature
Entry Topical Term
001 - CONTROL NUMBER
- control field: 4752
003 - CONTROL NUMBER IDENTIFIER
- control field: NUST
005 - DATE AND TIME OF LATEST TRANSACTION
- control field: 20170921113339.0
008 - FIXED-LENGTH DATA ELEMENTS
- fixed length control field: 170921|| aca||aabn | a|a d
040 ## - CATALOGING SOURCE
- Original cataloging agency: NUST
- Transcribing agency: NUST
150 ## - HEADING--TOPICAL TERM
- Topical term or geographic name entry element: Panjabi literature
- General subdivision: History and criticism.
670 ## - SOURCE DATA FOUND
- Source citation: Work cat.: (NUST)0: Shāh, Ṣafdar ʻAlī, 1948- author. 4751, Colonialism English and Punjabi /
